000 00725nam a22002297a 4500
999 _c14670
_d14670
003 AR-CdUCM
008 190409b ||||| |||| 00| 0 spa d
020 _a958-30-0848-6
040 _aMUNICIPALIDAD PROVINCIAL DEL CUSCO
_cBIBLIOTECA MUNICIPAL DEL CUSCO
082 _aPI / 808.06 /
_bF84
100 _aFrías Navarro, Matilde
_933529
245 _aArco iris /
260 _aColombia :
_bPanamericana editorial,
_c2001.
300 _c22 cm.
_a32 páginas ;
440 _aColección OA infantil.
_933530
505 _aContenido :Arco iris ...
650 _aCuentos
_9217
650 _aHistorias
_92725
700 _aGutiérrez, Claudia Marcela (ilustraciones)
_933531
942 _2ddc
_cLIBROS
945 _arum
_d2019-04-24